Le temps et l'eternite chez plotin et saint augustin /
Guardado en:
| Autor Principal: | |
|---|---|
| Formato: | Libro |
| Publicado: |
Paris :
J. Vrin,
1959
|
| Edición: | 3me.ed. |
| Series: | Bibliotheque D'histoire De La
|
| Materias: | |
| Etiquetas: |
Agregar Etiqueta
Sin Etiquetas, Sea el primero en etiquetar este registro!
|
| LEADER | 00638nam a22002295a 4500 | ||
|---|---|---|---|
| 001 | EHU.bham024164 | ||
| 003 | AR-BHAM | ||
| 005 | 20120904173155.0 | ||
| 008 | 130507s1959##################000#0#####d | ||
| 082 | 1 | 1 | |a 115 |
| 100 | 1 | |a Guitton, Jean | |
| 245 | 1 | 0 | |a Le temps et l'eternite chez plotin et saint augustin / |c Jean Guitton |
| 250 | |a 3me.ed. | ||
| 260 | |a Paris : |b J. Vrin, |c 1959 | ||
| 300 | |a 428 p. | ||
| 490 | 0 | |a Bibliotheque D'histoire De La | |
| 500 | |a Fotocopiado.- | ||
| 653 | |a Tiempo | ||
| 653 | |a Tiempo/eternidad | ||
| 653 | |a San agustin | ||
| 653 | |a Plotino | ||
| 859 | |a AR-BHAM |b BIB. HUMANIDADES - General |h 115 |i G949 |p 683.01 |t Ej.1 | ||
